000 00568nam a2200217Ia 4500
999 _c35385
_d35385
003 OSt
005 20210702154153.0
008 160316s2013 xxu||||| |||| 00| 0 eng d
020 _a9788189538132
040 _cn
082 _a346.043420
_bROY
100 _aRoy Pandey R N
245 _aHandbook on chota Nagpur tenancy laws : Alongwith customary las in chota Nagpur
250 _a5th
260 _aAllahabad
_bRajpal & Company
_c2013
300 _a496p
_cxi
365 _b Rs. 450
650 _a1. Law of Tenancy - Nagpur
700 _a
_a
942 _2ddc
_cBK